000 01280nam0a22003011 4500
001 rc\2162482
005 20110829175256.1
035 _a(NLR Aleph) 006705962
090 _a5293056
_c5293056
100 _a20110829d1978 |||y0rusy50 ca
101 0 _arus
102 _aRU
105 _aa z |||||
200 1 _aАлгоритмы и структурные схемы приема дискретных оптических сигналов
_eКонспект лекций
_fАвт. доценты Щелкунов К.Н., Кушнир В.Ф.
210 _aЛенинград
_cЛЭИС
_d1978
215 _a23 с.
_cил.
_d20
300 _aНа обороте тит. л.: авт. доценты Щелкунов, К.Н., Кушнир, В.Ф.
300 _aВ надзаг.: Ленингр. электротехн. ин-т связи им. М.А. Бонч-Бруевича
606 _aКабели связи, оптические
_2psbo
700 1 _aЩелкунов
_bК. Н.
_gКирилл Николаевич
701 1 _aКушнир
_bВ. Ф.
_gВиктор Флорович
801 0 _aRU
_bNLR
_gpsbo
801 1 _aRU
_bELAR
_2rusmarc
852 _aNLR
_j79-4/173
899 _aRuMoRGB
_jБ 78-56/1286
899 _aRuMoRGB
_jБ 78-56/1287
942 _cBOOK
980 _aNB